|
|
|
|
| LEADER |
00000nam a22000007a 4500 |
| 005 |
2017090207587.0 |
| 007 |
cr|||| ||| |
| 008 |
170902s2017 es |||||s|||| 00||0 spa d |
| 020 |
|
|
|a 978-84-16608-63-8
|
| 035 |
|
|
|a 20499
|
| 040 |
|
|
|a vLex
|
| 090 |
|
|
|c 6898
|d 6898
|
| 100 |
1 |
|
|a Garca̕-Muǫz Alhambra, Manuel Antonio
|
| 245 |
1 |
2 |
|a La negociacin̤ colectiva europea de sector
|h [Recurso electrn̤ico] /
|c Manuel Antonio Garca̕-Muǫz Alhambra
|
| 256 |
|
|
|a Servicio en ln̕ea
|
| 260 |
|
|
|a Albacete:
|b Editorial Bomarzo,
|c 2017
|
| 300 |
|
|
|a 1 recurso electrn̤ico
|
| 506 |
1 |
|
|a Disponible solo en los productos indicados
|d vLex Global
|d vLex Global (Academic Edition, excluding Law Schools)
|d vLex Global (U.S. Academic Edition, Law Schools)
|d vLex Global (U.S. Academic Edition, excluding Law Schools)
|d vLex Global (Academic Edition, Law Schools)
|
| 650 |
0 |
4 |
|a Derecho Laboral y Seguridad Social
|z Espaą
|
| 740 |
0 |
|
|a vLex Libros (Servicio en ln̕ea)
|
| 856 |
4 |
0 |
|u http://vlex.com/source/negociacion-colectiva-europea-de-sector-20499
|z Acceso restringido
|
| 942 |
|
|
|c BOOK
|
| 999 |
0 |
|
|a Labor law and social security
|